<?xml version='1.0' encoding='UTF-8'?>
  <record xmlns="http://www.loc.gov/MARC21/slim">
    <leader>00000cam a2200000 i 4500</leader>
    <controlfield tag="001">ocn820675351</controlfield>
    <controlfield tag="003">OCoLC</controlfield>
    <controlfield tag="005">20241103155651.7</controlfield>
    <controlfield tag="008">121209s1747    ne            000 0 dut d</controlfield>
    <datafield tag="040" ind1=" " ind2=" ">
      <subfield code="a">NLGGC</subfield>
      <subfield code="b">dut</subfield>
      <subfield code="e">fobidrtb</subfield>
      <subfield code="c">NLGGC</subfield>
      <subfield code="d">OCLCL</subfield>
      <subfield code="d">OCLCQ</subfield>
    </datafield>
    <datafield tag="029" ind1="0" ind2=" ">
      <subfield code="a">NLGGC</subfield>
      <subfield code="b">353294497</subfield>
    </datafield>
    <datafield tag="035" ind1=" " ind2=" ">
      <subfield code="a">(OCoLC)820675351</subfield>
    </datafield>
    <datafield tag="245" ind1="0" ind2="0">
      <subfield code="a">Publicatie. Alsoo Tryn van Groenendaal, oud 26 jaaren, kloek van postuur, wel gezet, blank, en bol van weezen, met bruyne ogen ... /</subfield>
      <subfield code="c">aldus gepubliceert van den stadhuyze t'Utrecht by my ondergeschreven op den 28. december 1747, Jan Appels.</subfield>
    </datafield>
    <datafield tag="260" ind1=" " ind2=" ">
      <subfield code="a">T'Utrecht :</subfield>
      <subfield code="b">gedrukt by Jacob van Poolsum,</subfield>
      <subfield code="c">1747.</subfield>
    </datafield>
    <datafield tag="300" ind1=" " ind2=" ">
      <subfield code="c">49 cm.</subfield>
    </datafield>
    <datafield tag="336" ind1=" " ind2=" ">
      <subfield code="a">tekst</subfield>
      <subfield code="b">txt</subfield>
      <subfield code="2">rdacontent/dut</subfield>
    </datafield>
    <datafield tag="337" ind1=" " ind2=" ">
      <subfield code="a">zonder medium</subfield>
      <subfield code="b">n</subfield>
      <subfield code="2">rdamedia/dut</subfield>
    </datafield>
    <datafield tag="338" ind1=" " ind2=" ">
      <subfield code="a">band</subfield>
      <subfield code="b">nc</subfield>
      <subfield code="2">rdacarrier/dut</subfield>
    </datafield>
    <datafield tag="500" ind1=" " ind2=" ">
      <subfield code="a">Opsporing verzocht voor Tryn van Groenendaal uit Vreeswijk, die na het doden van haar pasgeboren zoontje gevlucht is met medeneming van haar 6-jarige dochter; uitgevaardigd door drossaart Cornelis Ormea, heer van Papendorp.</subfield>
    </datafield>
    <datafield tag="600" ind1="1" ind2="4">
      <subfield code="a">Groenendaal, Tryn van.</subfield>
    </datafield>
    <datafield tag="700" ind1="1" ind2=" ">
      <subfield code="a">Ormea, Cornelis.</subfield>
    </datafield>
    <datafield tag="700" ind1="1" ind2=" ">
      <subfield code="a">Appels, Jan.</subfield>
    </datafield>
    <datafield tag="758" ind1=" " ind2=" ">
      <subfield code="a">Publicatie. Alsoo Tryn van Groenendaal, oud 26 jaaren, kloek van postuur, wel gezet, blank, en bol van weezen, met bruyne ogen (Text)</subfield>
      <subfield code="1">https://id.oclc.org/worldcat/entity/E39PCXw4rWbF8bq3dhcT4gF8j3</subfield>
      <subfield code="4">https://id.oclc.org/worldcat/ontology/hasWork</subfield>
    </datafield>
    <datafield tag="936" ind1=" " ind2=" ">
      <subfield code="a">BATCHLOAD</subfield>
    </datafield>
  </record>